000 00462nam a2200145Ia 4500
001 555
008 241024s9999 xx 000 0 und d
082 _aRD/344.07/R426a/2
100 _aRepública Dominicana.Secretaria de Estado de Educación Bellas Artes y Cultos. Congreso Nacional de Educación
245 0 _aAnteproyecto de Nueva Ley General de Educación
260 _bDe Colores
_c1992
590 _asi
901 _a16/11/2010 11:02:57 a.m.
999 _c9578
_d9578